Die wirtschaftliche Entwicklung in der Schwarzmeerregion und Herausforderungen für eine Internationalisierungsoffensive Österreichs (Record no. 6953)

MARC details
000 -LEADER
fixed length control field 01388nam a22004217i 4500
001 - CONTROL NUMBER
control field 8296
003 - CONTROL NUMBER IDENTIFIER
control field OSt
005 - DATE AND TIME OF LATEST TRANSACTION
control field 20180829175519.0
008 - FIXED-LENGTH DATA ELEMENTS--GENERAL INFORMATION
fixed length control field 161220t2010 au |||||||||||||||||ger|d
024 7# - OTHER STANDARD IDENTIFIER
Standard number or code 8296
Source of number or code RID
040 ## - CATALOGING SOURCE
Transcribing agency OSt
084 ## - OTHER CLASSIFICATION NUMBER
Classification number F1
-- F5
-- R1
Number source jelc
100 1# - MAIN ENTRY--PERSONAL NAME
Personal name Havlik, Peter
9 (RLIN) 4
245 00 - TITLE STATEMENT
Title Die wirtschaftliche Entwicklung in der Schwarzmeerregion und Herausforderungen für eine Internationalisierungsoffensive Österreichs
260 ## - PUBLICATION, DISTRIBUTION, ETC.
Place of publication, distribution, etc. Wien :
Name of publisher, distributor, etc. Wiener Institut für Internationale Wirtschaftsvergleiche (wiiw),
Date of publication, distribution, etc. 2010.
300 ## - PHYSICAL DESCRIPTION
Extent 32 S. ;
Dimensions 30cm.
490 1# - SERIES STATEMENT
Series statement wiiw Forschungsarbeiten in deutscher Sprache
Volume/sequential designation Oktober 2010
500 00 - GENERAL NOTE
General note Studie im Auftrag des Bundesministeriums für Wirtschaft, Familie und Jugend
690 ## - LOCAL SUBJECT ADDED ENTRY--TOPICAL TERM (OCLC, RLIN)
Topical term or geographic name as entry element International Trade, Competitiveness and FDI
690 ## - LOCAL SUBJECT ADDED ENTRY--TOPICAL TERM (OCLC, RLIN)
Topical term or geographic name as entry element Macroeconomic Analysis and Policy
650 ## - SUBJECT ADDED ENTRY--TOPICAL TERM
Topical term or geographic name entry element international trade
650 ## - SUBJECT ADDED ENTRY--TOPICAL TERM
Topical term or geographic name entry element international relations
650 ## - SUBJECT ADDED ENTRY--TOPICAL TERM
Topical term or geographic name entry element regional economics
651 ## - SUBJECT ADDED ENTRY--GEOGRAPHIC NAME
Geographic name Armenia
651 ## - SUBJECT ADDED ENTRY--GEOGRAPHIC NAME
Geographic name Austria
651 ## - SUBJECT ADDED ENTRY--GEOGRAPHIC NAME
Geographic name Azerbaijan
651 ## - SUBJECT ADDED ENTRY--GEOGRAPHIC NAME
Geographic name Georgia
651 ## - SUBJECT ADDED ENTRY--GEOGRAPHIC NAME
Geographic name Moldova
651 ## - SUBJECT ADDED ENTRY--GEOGRAPHIC NAME
Geographic name Russia
651 ## - SUBJECT ADDED ENTRY--GEOGRAPHIC NAME
Geographic name Turkey
651 ## - SUBJECT ADDED ENTRY--GEOGRAPHIC NAME
Geographic name Ukraine
700 1# - ADDED ENTRY--PERSONAL NAME
Personal name Astrov, Vasily
700 1# - ADDED ENTRY--PERSONAL NAME
Personal name Pöschl, Josef
700 1# - ADDED ENTRY--PERSONAL NAME
Personal name Hunya, Gabor
9 (RLIN) 6
830 #0 - SERIES ADDED ENTRY--UNIFORM TITLE
Title of a work wiiw Forschungsarbeiten in deutscher Sprache
Volume/sequential designation Oktober 2010
Bibliographic record control number WIIW0000107
856 ## - ELECTRONIC LOCATION AND ACCESS
Uniform Resource Identifier <a href="https://wiiw.ac.at/p-2264.html">https://wiiw.ac.at/p-2264.html</a>
942 ## - ADDED ENTRY ELEMENTS (KOHA)
Koha item type Paper
Holdings
Withdrawn status Lost status Damaged status Not for loan Home library Current library Shelving location Date acquired Inventory number Total Checkouts Barcode Date last seen Price effective from Koha item type
        WIIW WIIW Library 10/01/2010 8296   10004668 01/26/2017 01/26/2017 Paper
The Vienna Instiute for International Economic Studies (wiiw)